000 00192nam a2200073Ia 4500
008 170523s9999 xx 000 0 und d
100 _aHeywood- John B.
245 0 _aInternal Combustion Enginne Fundamentals
260 _aT.M.H.
999 _c12109
_d12109